000 00692nam a2200205 a 4500
001 000439066
003 AM-YeHGA
005 20250618072450.0
008 050531s1943 ai 000 | arm d
040 _aAM-YeHGA
041 0 _aarm
_afre
245 0 0 _aՓարիզահայ տարեցոյց 1943 թուականին Քրիստոսի /
_cՊատր.՝ Գ. քհն. Նիզամեան.
260 _aՓարիզ :
_bտպ. Մաթիկեան,
_c1943.
300 _aՏարի ;
_c16 սմ.
505 1 0 _gՏարի Ա. (1943, 80 էջ)
546 _aՏեքստը՝ հայ. և ֆրանս.
650 1 4 _aՏարեցույց
_94409
700 1 _aՆիզամեան, Գէորգ
_eպատր.
_4com
090 _c164263
999 _c162849
_d162849